Statistiques concernant Les 5 départements composant la région Pays de la Loire

Cliquez ici pour prendre le quiz!

Statistiques générales

  • Ce quiz a été pris 40 fois
  • Le résultat moyen est 4 sur 5

Statistiques - réponses

Départements % Correct
Loire Atlantique
97%
Vendée
86%
Maine et Loire
83%
Mayenne
77%
Sarthe
77%

Distribution des résultats

Percentile par nombre de réponses

% des personnes avec chaque résultat

Votre développement - résultats

Vous n’avez pas pris ce quiz